| 000 | 00674nam a22001337a 4500 | ||
|---|---|---|---|
| 040 | _cRUA | ||
| 082 | _aAGR EM 2012 B053 Or.1 | ||
| 100 | _aEM, VECHETH. | ||
| 245 | _aeffect of rice huskcharcoal and fertilizer on sweet corn at royal university of agriculture ( ប្រសិទ្ធភាពធ្យូងអង្កាម និងគីមីលើដំណាំពោតផ្អែមនៅសាកលវិទ្យាល័យភូមិន្ទកសិកម្ម) | ||
| 260 |
_aPhnom Penh _bRUA _c2012 |
||
| 300 |
_axii, 48p. _bill. _c29cm. |
||
| 856 | _uhttps://drive.google.com/file/d/1wxvmOuIMs4gdwjG9v9cspEop1iknU_0y/view?usp=sharing | ||
| 942 | _cAGR | ||
| 999 |
_c1387 _d1387 |
||